000 00523nam a2200181Ia 4500
001 1140
005 20260306140610.0
008 260306t2003||||xx |||||||||||||| ||spa||
041 _aESP
082 _a184
_bR31
100 _aReale, Giovanni
_eAUT
245 0 _aPor una nueva interpretación de platón:
_brelectura de la metafísica de los grandes diálogos a la luz de las "doctrinas no escritas"
260 _c2003
300 _a931 páginas :
_c25 cm.
650 _aGEN
654 _aCHU
942 _cLIB
_dJUS
_fJUS
_2ddc
_n
999 _c1140
_d1140